THE DAY I STOPPED DRINKING MILK (Record no. 7343)
[ view plain ]
| 000 -LEADER | |
|---|---|
| fixed length control field | 00621nam a22001457a 4500 |
| 020 ## - INTERNATIONAL STANDARD BOOK NUMBER | |
| ISBN | 978-0-143-41865-8 |
| 082 ## - DEWEY DECIMAL CLASSIFICATION NUMBER | |
| Classification number | 823 |
| Item number | MUR/D |
| 100 ## - MAIN ENTRY--AUTHOR NAME | |
| Personal name | MURTY, SUDHA |
| 245 ## - TITLE STATEMENT | |
| Title | THE DAY I STOPPED DRINKING MILK |
| 260 ## - PUBLICATION, DISTRIBUTION, ETC. (IMPRINT) | |
| Place of publication | DELHI |
| Name of publisher | PENGUIN BOOKS |
| Year of publication | 2012 |
| 300 ## - PHYSICAL DESCRIPTION | |
| Number of Pages | 212 |
| 520 ## - SUMMARY, ETC. | |
| Summary, etc | The Day I Stopped Drinking Milk is about a family in Odisha who want to offer her something to eat or drink but she is unable to accept the glass of milk they offer her. How the perceptions of people regarding India have changed in the United States in 30 years is what Changing India is about. |
| 650 ## - SUBJECT ADDED ENTRY--TOPICAL TERM | |
| Topical Term | ENGLISH STORY |
| Geographic subdivision | INDIA |
| 942 ## - ADDED ENTRY ELEMENTS (KOHA) | |
| Koha item type | Books |
| Withdrawn status | Lost status | Collection code | Home library | Current library | Shelving location | Date acquired | Source of acquisition | Cost, normal purchase price | Full call number | Accession Number | Koha item type |
|---|---|---|---|---|---|---|---|---|---|---|---|
| Fiction | Main Library | Main Library | SHELF 14 H ALPHEBETICAL - M-FICTION | 06/07/2013 | purchase | 199.00 | 823 MUR/D | 07503 | Books |